00242nam a2200085Ia 4500008004100000100001700041245004400058260004500102260000900147170620s9999 xx 000 0 und d aNayak- A. K. 0aClassroom Teaching- Methods & Practices bNew Delhi- A.P.H. Publishing corporation c2004